On government deficits and speculation.
Úvaha o dynamickom stochastickom rovnovážnom modele, ktorý reprezentujú spotrebiteľ-investor a výrobné firmy. Reálne kapitálové investície vo výrobnom procese. Rozbor rozpočtového deficitu. CHarakteristika a vlastnosti "kolísavého rozpočtu". Podpora ekonomického rastu formou vyrovnania deficitu.
Salvato in:
| Autore principale: | |
|---|---|
| Altri autori: | |
| Natura: | Capitolo di libro |
| Lingua: | inglese |
| Soggetti: | |
| Tags: |
Nessun Tag, puoi essere il primo ad aggiungerne!!
|
MARC
| LEADER | 00000naa a2200000 4500 | ||
|---|---|---|---|
| 001 | r003387 | ||
| 005 | 20220819194414.2 | ||
| 041 | 0 | |a eng | |
| 044 | |a US | ||
| 245 | 1 | 0 | |a On government deficits and speculation. |c S. Honkapohja, V. Lempinen |
| 520 | |a Úvaha o dynamickom stochastickom rovnovážnom modele, ktorý reprezentujú spotrebiteľ-investor a výrobné firmy. Reálne kapitálové investície vo výrobnom procese. Rozbor rozpočtového deficitu. CHarakteristika a vlastnosti "kolísavého rozpočtu". Podpora ekonomického rastu formou vyrovnania deficitu. | ||
| 610 | 2 | 0 | |a deficit |
| 610 | 2 | 0 | |a vláda |
| 610 | 2 | 0 | |a modely dynamické |
| 610 | 2 | 0 | |a modely rovnováhy |
| 610 | 2 | 0 | |a spotrebitelia |
| 610 | 2 | 0 | |a podnik výrobný |
| 610 | 2 | 0 | |a investície výrobné |
| 610 | 2 | 0 | |a kapitál |
| 610 | 2 | 0 | |a rast hospodársky |
| 610 | 2 | 0 | |a rozpočet štátny |
| 100 | 1 | |a Honkapohja, S. | |
| 700 | 1 | |a Lempinen, V. | |